00466 a2200169 450000100060000002000060000604000240001210000200003624000350005624500300009130000070012136200090012865000310013794200070016895201040017599900170027970386 a  cAnchieta - Itaigara aBarros, Fabiana10aFafalinha e o rei vaidosolpor10aFafalinha e o rei vaidoso a230 a2014 4aLiteratura infanto-juvenil cBK 00104070a88.1b88.1d2023-11-21l0o028.5 BAR FAFp3745/ITAr2023-11-21 20:05:22w2023-11-21yBK c70386d70386